Z povnoju viddačeju syl

Podrobná bibliografia
Hlavní autori: Roman, Michal, 1930- (Autor), Maľcovská, Mária, 1951-2010 (Autor)
Médium: Článok
Jazyk:ukrajinčina
Fyzický popis:Fot. 1.
Predmet:

MARC

LEADER 00000nab a2200000 a 4500
001 vtls000287733
003 SK-MaSNL
005 20260318114140.0
008 180130c1987 xo 0 ukr
015 |a SNBRB19rr/mm-uuuuu 
035 |a CL0297851 
040 |a SNKBUCL  |b slo  |c SNKBUCL  |e AACR2 
041 0 |a ukr 
044 |a xo  |c SK 
080 |a 82:061.2  |2 1981 
080 |a 061.2  |2 1981 
080 |a 885.4  |2 1981 
080 |a 883 (437)  |2 1981 
100 1 |a Roman, Michal,  |d 1930-  |4 aut  |9 90937 
245 1 0 |a Z povnoju viddačeju syl  |c Mychajlo Roman, Marija Mal´covs´ka 
300 |b Fot. 1. 
610 2 7 |a Zväz slovenských spisovateľov  |2 snkbucl  |9 159767 
655 7 |a články z novín a časopisov  |2 snkbucl  |9 267496 
655 7 |a články z odboru literárna veda a krásna literatúra  |2 snkbucl  |9 770045 
700 1 |a Maľcovská, Mária,  |d 1951-2010  |4 aut  |9 111288 
773 0 |t Družno vpered  |g Č. 5 (1987), s. 20-21 
850 |a Slovenská národná knižnica v Martine  |a MTA001 
852 |a SNK  |b KIS3GCP 
958 |a RK 
958 |a LX 
958 |a UK 
992 |a RBX 
999 |c 3365477  |d 3367407